书目信息 |
| 题名: |
生产运行安全预警预报与控制
|
|
| 作者: | 雍歧东 , 夏冬勇 , 顾宏波 著 | |
| 分册: | ||
| 出版信息: | 北京 军事科学 2016年2月 |
|
| 页数: | 289页 | |
| 开本: | 16开 | |
| 丛书名: | ||
| 单 册: | ||
| 中图分类: | X92 | |
| 科图分类: | ||
| 主题词: | 劳动保护管理 , 劳动保护--劳动管理 | |
| 电子资源: | ||
| ISBN: | 7-80237-813-3 | |
| 000 | 00830nam0 2200265 450 | |
| 001 | 3352 | |
| 005 | 20161102111416.93 | |
| 010 | @a7-80237-813-3@dCNY49.00 | |
| 092 | @aCN@b0001829008 | |
| 100 | @a20070711d2016 em y0chiy0110 ea | |
| 101 | 0 | @achi |
| 102 | @aCN@b110000 | |
| 105 | @ay z 000yy | |
| 200 | 1 | @a生产运行安全预警预报与控制@f雍歧东,夏冬勇,顾宏波等著@Fyong qi dong,xia dong yong,gu hong bo deng zhu@Asheng chan yun xing an quan yu jing yu bao yu kong zhi |
| 210 | @a北京@c军事科学@d2016年2月 | |
| 215 | @a289页@d16开 | |
| 333 | @a一般读者 | |
| 606 | 0 | @a劳动保护管理 |
| 606 | 0 | @a劳动保护@x劳动管理 |
| 690 | @aX92@v4 | |
| 701 | 0 | @a雍歧东@Ayong qi dong@4著 |
| 701 | 0 | @a夏冬勇@Axia dong yong@4著 |
| 701 | 0 | @a顾宏波@Agu hong bo@4著 |
| 801 | 0 | @aCN@b唐山师范学院图书馆@c20151001 |
| 905 | @aZUCC@dX92@e30 | |
| 生产运行安全预警预报与控制/雍歧东,夏冬勇,顾宏波等著.-北京:军事科学,2016年2月 |
| 289页;16开 |
| 使用对象:一般读者 |
| ISBN 7-80237-813-3:CNY49.00 |
| ● |
| 相关链接 |
|
|
|
|
正题名:生产运行安全预警预报与控制
索取号:X92/30
 
预约/预借
| 序号 | 登录号 | 条形码 | 馆藏地/架位号 | 状态 | 备注 |
| 1 | 904406 | 209044069 | 第二样本阅览室/ [索取号:X92/30] | 在馆 | |
| 2 | 904407 | 209044078 | 第三借阅区/ [索取号:X92/30] | 在馆 | |
| 3 | 904408 | 209044087 | 第三借阅区/ [索取号:X92/30] | 在馆 | |
| 4 | 904409 | 209044096 | 第三借阅区/ [索取号:X92/30] | 在馆 | |
| 5 | 904410 | 209044103 | 第三借阅区/ [索取号:X92/30] | 在馆 |